Catchphrase to Character Picture Match Quiz Stats

 Plays Quiz Updated Feb 6, 2017

Challenge
Share
Tweet
Score 0/18 Timer 05:00
6 Plays Today
% Correct
Fred Flintstone
97%
Bugs Bunny
95.6%
Spock
94%
Joey Tribbani
92.8%
Bart Simpson
91.9%
Sheldon Cooper
90.6%
Arnold Jackson
88.3%
Barney Stinson
87.6%
Jeff Probst
84.5%
% Correct
Tattoo
80.3%
Michelle Tanner
74.9%
John 'Hannibal' Smith
74.6%
Michael Scott
73.8%
James 'J.J.' Evans, Jr.
72.5%
Maxwell Smart
65.9%
Florence 'Flo' Castleberry
65.7%
Jethro Gibbs
63.6%
River Song
54.1%

You're not logged in!

Compare scores with friends on all Sporcle quizzes.
OR
Log In

You Might Also Like...

Show Comments

Extras

Top Quizzes Today


Score Distribution

Your Account Isn't Verified!

In order to create a playlist on Sporcle, you need to verify the email address you used during registration. Go to your Sporcle Settings to finish the process.

Report this User

Report this user for behavior that violates our Community Guidelines.

Details: